000
00265nam a2200121Ia 4500
008
190216s9999||||xx |||||||||||||| ||und||
100
_a
Narayanamurti M
245
0
_a
Dynamics
260
_b
Viswanathan S.
_c
1976
300
_a
239
650
_a
Physics
942
_c
BK
999
_c
32817
_d
32817